01493cam a22002775a 4500999001700000005001700017008003900034020001800073040003800091043003000129082002100159100001900180245009700199250001200296260005400308300003500362504006800397505026400465520016100729650003700890650005500927651005200982653002401034942000801058952014901066 c26522d2649420181016140137.0110824t2011 stkb frb 001 0 eng a9780748639878 aDLCbengcDLCdEG-ScBUEdEG-ScBUE aaw-----aff-----ae-sp---04a320.557bBLA2221 aBlack, Antony.14aThe history of Islamic political thought :bfrom the Prophet to the present /cAntony Black. a2nd ed. aEdinburgh :bEdinburgh University Press,cc.2011. axviii, 380 p. :bmap ;c24 cm. aIncludes bibliographical references (p. [356]-368) and indexes.0 aThe messenger and the law c. 622-1000 -- Religion and state power (din wa dawla) : the Sunni doctrine of the state c. 900-1220 -- The shariʻa and the sword c. 1220-1500 -- Religious ideology and political control in early modern states -- Isalm and the West. aSecond edition of the history of Islamic political thought that traces its roots from early Islam to the current age of Fundamentalism (622 AD to 2010 AD).  7aIslam and statexHistory.2BUEsh 7aPolitical sciencezIslamic EmpirexHistory.2BUEsh 7aIslamic EmpirexPolitics and government.2BUEsh bBUSBOLcOctober2018 2ddc 00102ddc40708MERICaMAINbMAINcLOWd2018-04-16ePurchaseg282.15h000292l2m1o320.557 BLAp000042740r2025-07-15 00:00:00s2021-07-27yBB